000 00869nam a2200241Ia 4500
003 GCL
008 140319s9999 xx 000 0 ara d
020 _a7015329957
040 _aGCL /
_cGCL
082 0 4 _a229.3
_bا ا
100 1 _aامال سعدى قطينة
245 1 0 _aامراض النفس وعلاجها بالذكر /
_cامال سعدى قطينة
250 _aالاولى
260 _aالاردن :
_bدار الحامد للنشر والتوزيع ،
_c2003
300 _a192 ص ؛
_c24 سم
490 _aاصدارات جمعية الحديث الشريف واحياء التراث
_v3
650 0 4 _aالادعية والاوراد
650 0 4 _aالامراض النفسية
650 0 4 _aالاسلام وعلم النفس
650 0 4 _aالقران - ادعية
650 0 4 _aالصلاة - الدعاء بعدها
942 _2ddc
_cBK
999 _c8522
_d8522